00873nam a2200265 i 450000100060000000300090000600500170001500800410003201500170007303500210009004000280011108000100013908000090014924500740015825000330023226000440026530000380030938000160034765800230036365500260038665000120041270000330042471000520045785600980050915847KOSZ 00520210513122443.0071013s1972 pl a e |000 0 pol  aPB 1972/8065 a(OCoLC)838994233 aWA NcWA NdKOSZ 005/HR a82:92 a(03)00aMały słownik pisarzy świata /c[aut. Natalia Baschmakoff et al.]. aWyd. 2 popr. i rozsz., dodr. aWarszawa :b"Wiedza Powszechna",c1972. a544 s., 12 tabl. :bil. ;c23 cm. aKsiążki aLiteraturoznawstwo 4aSłownik biograficzny 4aPisarze1 aBaschmakoff, Natalia.eAutor2 aPaństwowe Wydawnictwo Wiedza Powszechna4pbl. uhttp://koha.tu.koszalin.pl/cgi-bin/koha/opac-detail.pl?biblionumber=15847yKatalog online BPK